[Event "Lignano Bella Italia op 1st"]
[Site "Lignano Sabbiadoro"]
[Date "2022.08.21"]
[Round "7"]
[White "Grigorian, Roudolph"]
[Black "Cino, Giuseppe Adalberto"]
[Result "1/2-1/2"]
[WhiteElo "2101"]
[BlackElo "1976"]
[PlyCount "133"]
[EventDate "2022.08.18"]
[EventType "swiss"]
[EventRounds "9"]
[EventCountry "ITA"]
[SourceTitle "CBM 210 Extra"]
[Source "ChessBase"]
[SourceDate "2022.11.30"]
[SourceVersion "1"]
[SourceVersionDate "2022.11.30"]
[SourceQuality "1"]

1. d4 d5 2. Bf4 e6 3. e3 c5 4. Nc3 a6 5. Nf3 Nc6 6. Be2 Nf6 7. 0-0 Nh5 8. Be5 f6 9. Bg3 Nxg3 10. hxg3 Bd6 11. e4 Nxd4 12. exd5 e5 13. Ne4 Nxf3+ 14. Bxf3 f5 15. Nxd6+ Qxd6 16. Qd2 0-0 17. c4 Bd7 18. a3 Rae8 19. Rfe1 e4 20. Bh5 g6 21. Bd1 f4 22. gxf4 Rxf4 23. g3 Rf6 24. Qg5 Ref8 25. Re2 Rf5 26. Qh4 e3 27. Rxe3 Rxf2 28. Be2 R8f6 29. Rf1 Rxf1+ 30. Bxf1 b5 31. b3 Kg7 32. Qe4 Kf7 33. Kg2 bxc4 34. Bxc4 a5 35. Re1 h5 36. Qe3 h4 37. gxh4 Rf4 38. Rf1 Rxf1 39. Kxf1 Kg7 40. Kg2 Kh7 41. Qg5 Bf5 42. Qe3 Qf6 43. Kg3 Qd6+ 44. Qf4 Qe7 45. Kf2 Qg7 46. Qe3 Qf6 47. Kg3 Qd6+ 48. Qf4 Qe7 49. Kf2 Qg7 50. d6 Qb2+ 51. Kg3 Qc3+ 52. Kf2 Qb2+ 53. Kg1 Qb1+ 54. Kf2 Qb2+ 55. Ke1 Qb1+ 56. Ke2 Qc2+ 57. Kf1 Bd3+ 58. Bxd3 Qxd3+ 59. Ke1 Qb1+ 60. Ke2 Qc2+ 61. Qd2 Qe4+ 62. Kd1 Qb1+ 63. Ke2 Qe4+ 64. Qe3 Qc2+ 65. Kf3 Qd1+ 66. Qe2 Qxd6 67. Qc4 1/2-1/2

[Event "Francophonie-ch blitz 7th"]
[Site "Paris"]
[Date "2019.08.10"]
[Round "2"]
[White "Vedmediuc, Serghei"]
[Black "Grigorian, Roudolph"]
[Result "1-0"]
[WhiteElo "2459"]
[BlackElo "2163"]
[PlyCount "57"]
[EventDate "2019.08.10"]
[EventType "swiss (blitz)"]
[EventRounds "11"]
[EventCountry "FRA"]
[SourceTitle "CBM 191 Extra"]
[Source "ChessBase"]
[SourceDate "2019.09.30"]
[SourceVersion "1"]
[SourceVersionDate "2019.09.30"]
[SourceQuality "1"]

1. e4 e5 2. Nf3 f5 3. Nxe5 Qf6 4. d4 d6 5. Nc4 fxe4 6. Nc3 Qg6 7. Bf4 Nf6 8. Ne3 c6 9. d5 c5 10. Nb5 Nh5 11. Bxd6 Bxd6 12. Nxd6+ Qxd6 13. Qxh5+ g6 14. Qh6 Nd7 15. h4 Ne5 16. Qg7 Nf7 17. Nc4 Qf4 18. Ne3 Bd7 19. g3 Qd6 20. Nc4 Qe7 21. d6 Qe6 22. b3 0-0-0 23. Bh3 Qe8 24. Bxd7+ Rxd7 25. 0-0-0 b5 26. Na5 Qe5 27. Qxe5 Nxe5 28. Rd5 Re8 29. Rxc5+ 1-0

[Event "FRA-ch High Schools"]
[Site "Asnieres sur Seine"]
[Date "2018.05.05"]
[Round "5.2"]
[White "Grigorian, Roudolph"]
[Black "Sochacki, Wojtek"]
[Result "0-1"]
[WhiteElo "2083"]
[BlackElo "2261"]
[PlyCount "66"]
[EventDate "2018.05.12"]
[EventType "swiss (rapid)"]
[EventRounds "17"]
[EventCountry "FRA"]
[SourceTitle "EXT 2019"]
[Source "ChessBase"]
[SourceDate "2018.10.10"]
[SourceVersion "1"]
[SourceVersionDate "2018.10.10"]
[SourceQuality "1"]

1. e4 e6 2. d4 d5 3. Bd3 c5 4. exd5 exd5 5. Bb5+ Nc6 6. Nf3 Nf6 7. 0-0 Be7 8. dxc5 Bxc5 9. Bg5 0-0 10. Nc3 Be6 11. a3 a6 12. Ba4 Qb6 13. Bxf6 gxf6 14. Nxd5 Qd8 15. Bb3 b5 16. c4 Na5 17. Ba2 Nxc4 18. Nf4 Qxd1 19. Raxd1 Bg4 20. b4 Ba7 21. Nd5 Kg7 22. Rd3 Bf5 23. Rc3 Rac8 24. Ne7 Be6 25. Nxc8 Rxc8 26. Rd1 Bb6 27. Nd4 Bd7 28. Bb1 Kg8 29. Bf5 Rd8 30. Rg3+ Kh8 31. Rdd3 Ne5 32. Rd1 Bxf5 33. Rc1 Rxd4 0-1

[Event "Avoine op 31st"]
[Site "Avoine"]
[Date "2016.07.26"]
[Round "4"]
[White "Gledel, Bernard"]
[Black "Grigorian, Roudolph"]
[Result "0-1"]
[WhiteElo "1813"]
[BlackElo "2110"]
[PlyCount "66"]
[EventDate "2016.07.23"]
[EventType "swiss"]
[EventRounds "9"]
[EventCountry "FRA"]
[SourceTitle "CBM 173 Extra"]
[Source "ChessBase"]
[SourceDate "2016.08.29"]
[SourceVersion "1"]
[SourceVersionDate "2016.08.29"]
[SourceQuality "1"]

1. e4 e5 2. Nf3 Nc6 3. d4 exd4 4. Bc4 Nf6 5. 0-0 Bc5 6. e5 d5 7. exd6 Bxd6 8. Re1+ Be7 9. Bb5 0-0 10. Bxc6 bxc6 11. Qxd4 Qxd4 12. Nxd4 Bc5 13. Nb3 Bb6 14. Be3 Re8 15. N1d2 Bf5 16. c3 Nd5 17. Bd4 Nf4 18. Rxe8+ Rxe8 19. Nc5 Ne2+ 20. Kh1 Nxd4 21. cxd4 Re2 22. Ncb3 Be6 23. Kg1 Bxb3 24. Nxb3 Rxb2 25. g3 a5 26. Kg2 a4 27. Nc5 Rd2 28. Ne4 Rxd4 29. Nc3 a3 30. Rd1 Rd6 31. f4 Ba5 32. Rc1 Rd2+ 33. Kf3 Rd3+ 0-1

[Event "Small Paris-ch"]
[Site "Paris"]
[Date "2015.07.12"]
[Round "7"]
[White "Daurelle, Herve"]
[Black "Grigorian, Roudolph"]
[Result "1-0"]
[WhiteElo "2167"]
[BlackElo "2137"]
[PlyCount "55"]
[EventDate "2015.07.06"]
[EventType "swiss"]
[EventRounds "7"]
[EventCountry "FRA"]
[SourceTitle "EXT 2016"]
[Source "ChessBase"]
[SourceDate "2015.10.08"]
[SourceVersion "1"]
[SourceVersionDate "2015.10.08"]
[SourceQuality "1"]

1. e4 d5 2. exd5 Qxd5 3. Nf3 Bg4 4. Be2 e5 5. Nc3 Qa5 6. 0-0 Bd6 7. d4 Nd7 8. dxe5 Nxe5 9. Re1 Bxf3 10. Bxf3 0-0-0 11. Bf4 Nf6 12. Qe2 Rhe8 13. Bxe5 Bxe5 14. Qc4 Re7 15. Rad1 Rde8 16. Re3 Bxc3 17. Rxe7 Rxe7 18. bxc3 Qe5 19. h3 c6 20. Bxc6 Rc7 21. Qd3 bxc6 22. Qd8+ Kb7 23. Rb1+ Ka6 24. Qd3+ Ka5 25. c4 Qc5 26. Qd8 Nd5 27. cxd5 cxd5 28. Rb7 1-0

[Event "Small Paris-ch"]
[Site "Paris"]
[Date "2015.07.10"]
[Round "5"]
[White "Msellek, Ilyass"]
[Black "Grigorian, Roudolph"]
[Result "1-0"]
[WhiteElo "2148"]
[BlackElo "2137"]
[PlyCount "69"]
[EventDate "2015.07.06"]
[EventType "swiss"]
[EventRounds "7"]
[EventCountry "FRA"]
[SourceTitle "EXT 2016"]
[Source "ChessBase"]
[SourceDate "2015.10.08"]
[SourceVersion "1"]
[SourceVersionDate "2015.10.08"]
[SourceQuality "1"]

1. d4 d5 2. c4 e6 3. Nc3 Nf6 4. cxd5 Nxd5 5. e4 Nxc3 6. bxc3 c5 7. Rb1 cxd4 8. cxd4 Nc6 9. Bb5 a6 10. Bxc6+ bxc6 11. Nf3 c5 12. 0-0 cxd4 13. Qc2 Bd7 14. Nxd4 Rc8 15. Qe2 e5 16. Nf5 Qf6 17. Be3 Bxf5 18. exf5 Be7 19. Qf3 0-0 20. Rb6 Qh4 21. Rxa6 e4 22. Qe2 Ra8 23. Rxa8 Rxa8 24. Qb5 h5 25. Qc6 Rd8 26. h3 Kh7 27. a4 Rd3 28. g3 Qf6 29. Qxe4 Ra3 30. Bg5 Qxg5 31. f6+ g6 32. fxe7 Rxg3+ 33. fxg3 Qxg3+ 34. Qg2 Qe3+ 35. Qf2 1-0

[Event "Lille Luce op 6th"]
[Site "Lille"]
[Date "2015.05.09"]
[Round "8"]
[White "Grigorian, Roudolph"]
[Black "Dourerassou, Jonathan"]
[Result "1/2-1/2"]
[WhiteElo "2093"]
[BlackElo "2414"]
[PlyCount "81"]
[EventDate "2015.05.04"]
[EventType "swiss"]
[EventRounds "9"]
[EventCountry "FRA"]
[SourceTitle "EXT 2017"]
[Source "ChessBase"]
[SourceDate "2016.10.25"]
[SourceVersion "1"]
[SourceVersionDate "2016.10.25"]
[SourceQuality "1"]

1. d4 d5 2. Nf3 Nf6 3. g3 g6 4. Bg2 Bg7 5. 0-0 0-0 6. Nbd2 Nc6 7. b3 a5 8. Bb2 a4 9. bxa4 Na5 10. Ne5 Be6 11. c4 dxc4 12. Rc1 Nd7 13. Nexc4 c6 14. e4 Nb6 15. Nxa5 Rxa5 16. Nb3 Ra7 17. Nc5 Bxa2 18. Qc2 Nd7 19. d5 Bxb2 20. Qxb2 Nxc5 21. Rxc5 Rxa4 22. Qc2 Ra6 23. dxc6 bxc6 24. Rxc6 Bb3 25. Qc3 Rxc6 26. Qxc6 Qd4 27. Rc1 Be6 28. Qc5 Qxc5 29. Rxc5 Rd8 30. Bf3 h5 31. h4 Rd2 32. Rc1 Kg7 33. Rd1 Rb2 34. Kf1 Kf6 35. Ke1 Bg4 36. Bxg4 hxg4 37. Rd4 Ke5 38. Ra4 Rc2 39. Rb4 Ra2 40. Rc4 f6 41. Rb4 1/2-1/2

[Event "Lille Luce op 6th"]
[Site "Lille"]
[Date "2015.05.08"]
[Round "6"]
[White "Grigorian, Roudolph"]
[Black "Van der Lende, Ilias"]
[Result "1-0"]
[WhiteElo "2093"]
[BlackElo "2333"]
[PlyCount "149"]
[EventDate "2015.05.04"]
[EventType "swiss"]
[EventRounds "9"]
[EventCountry "FRA"]
[SourceTitle "EXT 2017"]
[Source "ChessBase"]
[SourceDate "2016.10.25"]
[SourceVersion "1"]
[SourceVersionDate "2016.10.25"]
[SourceQuality "1"]

1. d4 e6 2. c4 Nf6 3. Nc3 Bb4 4. e3 0-0 5. Nge2 d5 6. a3 Bd6 7. cxd5 exd5 8. Ng3 c5 9. Nb5 Bxg3 10. hxg3 c4 11. Nc3 a6 12. e4 Nxe4 13. Nxe4 Re8 14. Qh5 Rxe4+ 15. Be2 h6 16. Be3 Qd6 17. Bf3 Rxe3+ 18. fxe3 Qxg3+ 19. Kd2 Be6 20. Raf1 Qg6 21. Qxg6 fxg6 22. e4 dxe4 23. Bxe4 Nc6 24. Kc3 Rd8 25. Rd1 Ne7 26. Bxb7 Rb8 27. Rde1 Nd5+ 28. Kxc4 Nf4+ 29. Rxe6 Rxb7 30. Re4 Rc7+ 31. Kb3 Nd3 32. Rf1 a5 33. Re8+ Kh7 34. Re3 a4+ 35. Kxa4 Nxb2+ 36. Kb5 Nc4 37. Rd3 Nb2 38. Re3 Nc4 39. Rg3 Nd6+ 40. Kb6 Rc2 41. Ra1 Rd2 42. a4 Nf5 43. Rga3 Nxd4 44. R1a2 Rd1 45. Rb2 Ne6 46. a5 Rd6+ 47. Kb7 Nc5+ 48. Kc7 Rf6 49. Rb6 Rf2 50. g3 h5 51. a6 Nxa6+ 52. Rbxa6 Kh6 53. Kd6 Kg5 54. Ke5 Re2+ 55. Kd4 Re8 56. R3a5+ Kh6 57. Re5 Rb8 58. Ree6 Rb4+ 59. Ke3 Rg4 60. Kf3 Rg5 61. Re7 Rf5+ 62. Kg2 Rb5 63. Raa7 Rb2+ 64. Kh3 g5 65. g4 Rb3+ 66. Kh2 Rb2+ 67. Kg1 Rb1+ 68. Kf2 h4 69. Rxg7 Rb2+ 70. Kf3 Rb3+ 71. Ke4 Rb4+ 72. Ke5 Rb5+ 73. Kd6 Rb4 74. Rge7 Rb6+ 75. Kc5 1-0

[Event "FRA-chT U20"]
[Site "Limoges"]
[Date "2014.03.16"]
[Round "2"]
[White "Grigorian, Roudolph"]
[Black "Messinger, Karl"]
[Result "0-1"]
[WhiteElo "2132"]
[BlackElo "2189"]
[PlyCount "139"]
[EventDate "2014.03.15"]
[EventType "team-match"]
[EventRounds "3"]
[EventCountry "FRA"]
[SourceTitle "EXT 2015"]
[Source "ChessBase"]
[SourceDate "2014.11.20"]
[SourceVersion "1"]
[SourceVersionDate "2014.11.20"]
[SourceQuality "1"]
[WhiteTeam "Villejuif"]
[BlackTeam "Mulhouse"]
[WhiteTeamCountry "FRA"]
[BlackTeamCountry "FRA"]

1. e4 c5 2. Nf3 Nc6 3. d4 cxd4 4. Nxd4 g6 5. c4 Bg7 6. Nc2 Nf6 7. Nc3 0-0 8. Be2 d6 9. 0-0 b6 10. Bd2 Bb7 11. f3 Rc8 12. Rb1 Nd7 13. Nd5 e6 14. Nc3 Qe7 15. Be1 Rfd8 16. b3 Nc5 17. b4 Nd7 18. f4 Kh8 19. Bf3 a6 20. Qd3 Qf6 21. Ne2 Qe7 22. g4 a5 23. a3 axb4 24. axb4 Ra8 25. g5 e5 26. h4 exf4 27. Nxf4 Nce5 28. Qe2 Nxf3+ 29. Rxf3 Qxe4 30. Qxe4 Bxe4 31. Rf2 Ra2 32. Rc1 Bb2 33. Rd1 Bxc2 34. Rxc2 Bd4+ 35. Rxd4 Rxc2 36. Rxd6 Re8 37. Bf2 Ne5 38. Nd5 Rd2 39. Rxb6 Ng4 40. Nf6 Nxf6 41. Rxf6 Re4 42. b5 Rxc4 43. Rxf7 Kg8 44. Rf3 Rb4 45. b6 Rdb2 46. Kf1 Rb5 47. Rf4 Rf5 48. Rxf5 gxf5 49. Kg2 Rb3 50. Kf1 Kf7 51. h5 f4 52. Bd4 Rb5 53. g6+ hxg6 54. h6 Kg8 55. Kf2 Rb3 56. Be5 g5 57. Bf6 g4 58. Be5 Kh7 59. b7 Rxb7 60. Bxf4 Rb3 61. Bc1 Rc3 62. Be3 g3+ 63. Ke2 g2 64. Bd4 Rg3 65. Bg1 Kxh6 66. Kf2 Rg6 67. Bh2 Kh5 68. Kg1 Kh4 69. Bc7 Kh3 70. Be5 0-1

[Event "FRA-chT U20"]
[Site "Limoges"]
[Date "2014.03.16"]
[Round "3"]
[White "Grigorian, Roudolph"]
[Black "Pantin, Kevin"]
[Result "1/2-1/2"]
[WhiteElo "2132"]
[BlackElo "1896"]
[PlyCount "108"]
[EventDate "2014.03.15"]
[EventType "team-match"]
[EventRounds "3"]
[EventCountry "FRA"]
[SourceTitle "EXT 2015"]
[Source "ChessBase"]
[SourceDate "2014.11.20"]
[SourceVersion "1"]
[SourceVersionDate "2014.11.20"]
[SourceQuality "1"]
[WhiteTeam "Villejuif"]
[BlackTeam "Nancy"]
[WhiteTeamCountry "FRA"]
[BlackTeamCountry "FRA"]

1. d4 e6 2. c4 d5 3. Nf3 c5 4. e3 Nf6 5. Bd3 a6 6. 0-0 dxc4 7. Bxc4 b5 8. Be2 Be7 9. dxc5 Qxd1 10. Rxd1 Bxc5 11. a3 0-0 12. b4 Be7 13. Bb2 Bb7 14. Nbd2 Nbd7 15. Nb3 Rac8 16. Rac1 Bd5 17. Nbd4 Nb6 18. Nd2 Rfd8 19. f3 Bb7 20. e4 Ne8 21. N4b3 Na4 22. Be5 Bg5 23. f4 Bf6 24. Rxc8 Rxc8 25. Rc1 Rxc1+ 26. Nxc1 Bxe5 27. fxe5 Nc3 28. Bf3 f6 29. exf6 Nxf6 30. e5 Bxf3 31. gxf3 Nd7 32. f4 g5 33. fxg5 Nxe5 34. Kf2 Kf7 35. Ke3 Nd5+ 36. Kd4 Nd7 37. Nd3 Kg6 38. Ne4 Kf5 39. Ndf2 N5b6 40. h4 Nc4 41. Nc5 Nb8 42. Nd1 Nc6+ 43. Kc3 a5 44. bxa5 N6xa5 45. Kb4 Nxa3 46. Kxa3 Kg4 47. Nxe6 Kxh4 48. Kb4 Nc6+ 49. Kxb5 Ne5 50. Ne3 Nf7 51. Ng2+ Kg3 52. Ne3 Nxg5 53. Nxg5 Kf4 54. Nxh7 Kxe3 1/2-1/2

[Event "Small Paris-ch"]
[Site "Paris"]
[Date "2014.??.??"]
[Round "7"]
[White "Grigorian, Roudolph"]
[Black "Mirimanian, Hayk"]
[Result "1/2-1/2"]
[WhiteElo "2145"]
[BlackElo "2147"]
[PlyCount "67"]
[EventDate "2014.07.??"]
[EventType "swiss"]
[EventRounds "7"]
[EventCountry "FRA"]
[SourceTitle "EXT 2015"]
[Source "ChessBase"]
[SourceDate "2014.11.20"]
[SourceVersion "1"]
[SourceVersionDate "2014.11.20"]
[SourceQuality "1"]

1. d4 d6 2. e4 g6 3. c4 Bg7 4. Nc3 e5 5. Nf3 exd4 6. Nxd4 Nc6 7. Be3 Nge7 8. h4 f5 9. h5 fxe4 10. hxg6 hxg6 11. Rxh8+ Bxh8 12. Nxe4 Bf5 13. Nxf5 gxf5 14. c5 Be5 15. f4 fxe4 16. Qh5+ Kd7 17. fxe5 Nxe5 18. Qh3+ Ke8 19. 0-0-0 Nf7 20. Bc4 d5 21. Bxd5 Nxd5 22. Qe6+ Qe7 23. Qxd5 c6 24. Qf5 Rd8 25. Rxd8+ Nxd8 26. g4 Qe6 27. Qxe6+ Nxe6 28. Kc2 Kf7 29. Kc3 Kf6 30. Kc4 Ke5 31. b4 a6 32. a4 Nc7 33. Bg1 Ne6 34. Be3 1/2-1/2

[Event "Wch U18"]
[Site "Al Ain"]
[Date "2013.12.20"]
[Round "3"]
[White "Licznerski, Lukasz"]
[Black "Grigorian, Roudolph"]
[Result "1-0"]
[WhiteElo "2354"]
[BlackElo "2101"]
[PlyCount "63"]
[EventDate "2013.12.18"]
[EventType "swiss"]
[EventRounds "11"]
[EventCountry "UAE"]
[SourceTitle "CBM 158 Extra"]
[Source "ChessBase"]
[SourceDate "2014.02.28"]
[SourceVersion "1"]
[SourceVersionDate "2014.02.28"]
[SourceQuality "1"]

1. e4 e5 2. Nf3 Nc6 3. Bb5 a6 4. Ba4 Nf6 5. 0-0 Be7 6. Re1 b5 7. Bb3 d6 8. c3 0-0 9. d4 exd4 10. cxd4 Na5 11. Bc2 Re8 12. b3 Bf8 13. Nbd2 g6 14. e5 dxe5 15. dxe5 Nh5 16. Be4 Rb8 17. Qc2 Ng7 18. Bb2 Ne6 19. Red1 Qe7 20. Bc3 b4 21. Bb2 Nc5 22. Nd4 Rb6 23. f4 Ne6 24. f5 Nxd4 25. Bxd4 c5 26. Bb2 Bh6 27. e6 Bxe6 28. fxe6 Rxe6 29. Rf1 Bxd2 30. Bd5 Re5 31. Rxf7 Be3+ 32. Kh1 1-0

[Event "EU-ch U18 23rd"]
[Site "Budva"]
[Date "2013.10.07"]
[Round "8"]
[White "Murdochy, Shivan"]
[Black "Grigorian, Roudolph"]
[Result "0-1"]
[WhiteElo "1870"]
[BlackElo "2078"]
[PlyCount "120"]
[EventDate "2013.09.29"]
[EventType "swiss"]
[EventRounds "9"]
[EventCountry "MNE"]
[SourceTitle "CBM 156 Extra"]
[Source "ChessBase"]
[SourceDate "2013.10.22"]
[SourceVersion "1"]
[SourceVersionDate "2013.10.22"]
[SourceQuality "1"]

1. d4 Nf6 2. c4 g6 3. Nc3 Bg7 4. e4 d6 5. f3 Nc6 6. Be3 a6 7. Nge2 Rb8 8. Nc1 e5 9. d5 Nd4 10. N1e2 c5 11. dxc6 bxc6 12. Nxd4 exd4 13. Bxd4 c5 14. Be3 Rxb2 15. Rb1 Rxb1 16. Nxb1 0-0 17. Be2 Bb7 18. 0-0 Qe7 19. Nc3 Ng4 20. fxg4 Bxc3 21. Qd3 Qxe4 22. Qxe4 Bxe4 23. Bf4 Bd4+ 24. Kh1 d5 25. g5 Re8 26. cxd5 Bxd5 27. Bxa6 Ra8 28. Be2 Rxa2 29. Bf3 Be6 30. h4 c4 31. Rd1 Ra1 32. g4 Bd5 33. Kh2 Rxd1 34. Bxd1 Be4 35. Bc1 Bf2 36. h5 c3 37. Ba4 Bf3 38. hxg6 fxg6 39. Bb3+ Kf8 40. Kh3 Be4 41. Ba2 Ke7 42. Bg8 Be1 43. Bb3 Kd6 44. Kh2 Bf2 45. Bg8 Ke5 46. Bxh7 Kd4 47. Bg8 Be3 48. Ba3 c2 49. Kg3 c1Q 50. Bxc1 Bxc1 51. Be6 Ke5 52. Bd7 Bd2 53. Bc8 Be1+ 54. Kh2 Kf4 55. Be6 Kxg5 56. Kh3 Kf4 57. Bf7 g5 58. Be6 Bf3 59. Bd7 Be2 60. Bc8 Bf3 0-1

[Event "Agneaux St Lo op 15th"]
[Site "Agneaux"]
[Date "2013.07.13"]
[Round "8"]
[White "Macon, Arthur"]
[Black "Grigorian, Roudolph"]
[Result "1-0"]
[WhiteElo "2140"]
[BlackElo "2062"]
[PlyCount "103"]
[EventDate "2013.07.07"]
[EventType "swiss"]
[EventRounds "9"]
[EventCountry "FRA"]
[SourceTitle "EXT 2014"]
[Source "ChessBase"]
[SourceDate "2013.11.20"]
[SourceVersion "1"]
[SourceVersionDate "2013.11.20"]
[SourceQuality "1"]

1. Nf3 d6 2. d4 g6 3. g3 Bg7 4. Bg2 Nc6 5. 0-0 e5 6. dxe5 dxe5 7. Qxd8+ Nxd8 8. Nc3 h6 9. e4 Ne6 10. b3 Ne7 11. Ba3 Nc6 12. Nd5 Bd7 13. Rad1 0-0-0 14. Rd2 Ned4 15. Nxd4 Nxd4 16. Be7 Rde8 17. Bf6 Bxf6 18. Nxf6 Rd8 19. c3 Ne6 20. Rfd1 Bc6 21. Ng4 Rxd2 22. Rxd2 Ng5 23. Nxe5 Re8 24. Nxc6 bxc6 25. e5 c5 26. f4 Ne6 27. Bh3 Kb7 28. Rd7 Nd8 29. Bg2+ Kb6 30. Bd5 Rf8 31. Kf2 a5 32. Ke3 c6 33. Bc4 a4 34. bxa4 h5 35. h3 Ka5 36. g4 hxg4 37. hxg4 Kb6 38. f5 gxf5 39. gxf5 Rh8 40. Bxf7 Rh3+ 41. Kd2 Rh2+ 42. Ke1 Rh1+ 43. Kf2 Nb7 44. e6 Rh2+ 45. Kg3 Re2 46. e7 Nd6 47. Rxd6 Rxe7 48. Be6 Rg7+ 49. Kf4 Ka5 50. f6 Rg1 51. f7 Kxa4 52. Bg4 1-0